| 000 | 01148nam a2200277 i 4500 | ||
|---|---|---|---|
| 001 | 39570 | ||
| 003 | ES-MaACL | ||
| 005 | 20250709132131.0 | ||
| 007 | t| | ||
| 008 | 030303s1914 sp 0011p spa d | ||
| 080 | _a821.134.2-14(082.2) | ||
| 245 | 0 | 0 |
_aCancionero de romances : _bimpreso en Amberes sin año. |
| 250 | _aEd. facsímil con una introducción por R. Menéndez Pidal. | ||
| 260 |
_aMadrid : _b[s.n.], _c1914. |
||
| 300 |
_aXLVII, 275 p. ; _c17 cm. |
||
| 530 | _aDisponible en formato digital. | ||
| 594 | _aPrecede al tít.: Junta para Ampliación de Estudios, Centro de Estudios Históricos. | ||
| 650 | 4 |
_aRomances- _zEspaña. _916935 |
|
| 700 | 1 |
_aMenéndez Pidal, Ramón, _d1869-1968 _980315 |
|
| 710 | 2 |
_aCentro de Estudios Históricos (1910-1939) _92638 |
|
| 852 | 4 |
_aES-MaACL _jG-2046 _cDEPO2 _h Donativo de R. Menéndez Pidal, cuando fue presidente del Ateneo _zRevisado enlace: 9 de julio 2025 |
|
| 856 | 4 |
_uhttps://archive.org/details/cancioneroderoma00madr/page/n3/mode/2up _yInternet Archive |
|
| 903 |
_980315 _aMenéndez Pidal, Ramón, _d1869-1968 _ednr |
||
| 942 | _2udc | ||
| 999 |
_c39570 _d39570 |
||